Biblioteca

La justicia conferida (Registro nro. 50359)

Detalles MARC
000 -LÍDER
Campo fijo de descripción fija 02155aab a2200205 4500
001 - NÚMERO DE CONTROL
Campo de control 768714001
003 - IDENTIFICADOR DEL NÚMERO DE CONTROL
Campo de control CO-MdFUSB
005 - FECHA Y HORA DE LA ULTIMA TRANSACCIÓN
control field 20250228165137.0
008 - ELEMENTOS DE LONGITUD FIJA -- INFORMACIÓN GENERAL
Campo fijo de descripción fija -- Información general 170811s1987 cr ||||| |||| 00| 0 spa d
040 ## - FUENTE DE CATALOGACIÓN
Agencia Catalogadora CO-MdFUSB
Idioma de catalogación spa
Agencia que realiza la transcripción CO-MdFUSB
Agencia que realiza la modificación CO-MdFUSB
041 ## - CÓDIGO DE IDIOMA
Código de idioma para texto/pista de sonido o título separado spa
100 1# - ASIENTO PRINCIPAL--NOMBRE PERSONAL
Nombre personal Baxter, Ern (-1993)
Término relacionador autor
245 13 - TÍTULO
Título La justicia conferida
Mención de responsabilidad / Ern Baxter
300 ## - DESCRIPCIÓN FÍSICA
Extensión Volumen 1. Número 1 (1987), páginas 13-18
Dimensiones : 28 cm.
520 ## - NOTA DE RESUMEN, ETC.
Nota de sumario, etc. El texto aborda la enseñanza del Apóstol Pablo en la epístola a los Romanos sobre la justicia de Dios, destacando que todos los seres humanos, ya sean judíos o gentiles, son injustos y están lejos de la gloria de Dios debido al pecado. A pesar de la incapacidad humana para cumplir con la ley, Pablo enfatiza que la justicia de Dios no depende de nuestros esfuerzos, sino de una "justicia ajena", es decir, de Cristo como nuestro representante ante Dios.<br/><br/>Pablo argumenta que, aunque la ley es santa y justa, no puede salvar al ser humano debido a su debilidad. La solución a esta situación es la revelación de la justicia de Dios a través de Jesucristo. La justicia divina no es algo que los seres humanos puedan generar por sí mismos, sino que es un don de Dios, revelado a través de la obra de Cristo.<br/><br/>El autor también resalta que la justicia de Dios no es una idea nueva, sino que ya estaba prefigurada en el Antiguo Testamento, en los sacrificios y en la ley dada a Israel, que apuntaban hacia Cristo como el Cordero de Dios. Los sacrificios en el Antiguo Testamento servían como un testimonio simbólico de la justicia que se alcanzaría a través de Cristo.<br/><br/>Finalmente, el texto reflexiona sobre la dificultad humana para aceptar la justicia por gracia, dado que el razonamiento humano tiende a buscar una justicia que dependa de las obras. No obstante, Pablo subraya que la justicia es un regalo divino, no un logro humano, y que solo a través de Cristo los hombres pueden encontrar aceptación ante Dios.
650 #7 - ASIENTO SECUNDARIO DE MATERIA - TERMINO TEMÁTICO
Término temático o nombre geográfico como elemento de entrada Justicia
9 (RLIN) 2116
773 0# - ASIENTO DE ITEM FUENTE
Título Conquista Cristiana
Biblionumber 49446
Itemnumber 60350
Parte(s) relacionada(s) / Volumen., número. (mes año), páginas Volumen 1. Número 1 (1987), páginas 13-18
Enumeración y primera página Página 13
942 ## - TIPO DE MATERIAL (KOHA)
Tipo de Item KOHA Artículos de Revista
945 ## - INFORMACIÓN LOCAL DEL REGISTRO
Catalogador JTF-925

No hay ítems disponibles.

Biblioteca FUSBC | Teléfono: (57+4) 349 88 10 Ext. 141| WhatsApp (+57) 3005338115 
E-mail: biblioteca@unisbc.edu.co | Calle 76 87-14 Robledo Palenque, Medellín, Colombia

Con tecnología Koha